000 005500000a22002050004500
003 LK-CoMWRAF
005 20231030114912.0
008 230817t1998 ||||| |||| 00| 0 eng d
020 _a9558156094
040 _aLK-CoMWRAF
_dLK-CoMWRAF
_eLK-CoMWRAF
041 _aeng
082 _a345.02
_bPEI
100 _aPeiris, G.L
245 _aOffences Under The Penal Code of Sri Lanka
250 _a2 ed.
260 _aPannipitiya:
_bStamford Lake,
_c1998
300 _axx, 560 p. 22 cm.
_bIndex included
650 _aCRIMINAL LAW-Sri Lanka
942 _cBK
999 _c118
_d118